000 00247nam a2200097Ia 4500
008 240625s9999 xx 000 0 und d
041 _aeng
082 _a808.20 CHA
100 _aCHAKRABORTY SONALI
245 _aPERFORMANCE APPRAISAL SYSTEM IN BHEL BHO
999 _c35612
_d35612